Usando CA visual objects

Bewaard in:
Bibliografische gegevens
Hoofdauteurs: Caughey, Ginny (Auteur), Hodges, Stephan (Auteur), Dysert, Larry (Auteur), MacIntyre, Peter (Auteur), Gray, Ron (Auteur), Walden, Tom (Auteur), Fuller, Arthur (Auteur)
Formaat: Boek
Taal:Portugees
Gepubliceerd in: Río de Janeiro Campus 1995
Onderwerpen:
Tags: Voeg label toe
Geen labels, Wees de eerste die dit record labelt!

MARC

LEADER 00000nam a2200000 a 4500
001 UCO9034
003 CL-VaPUC
008 010119e19950000BL |||||||||||||||||por|d
082 0 4 |a 005.265  |b CAU  |2 21 
100 0 |a Caughey, Ginny  |e author  |9 454123 
700 0 |a Hodges, Stephan  |e author  |9 454124 
700 0 |a Dysert, Larry  |e author  |9 454125 
700 0 |a MacIntyre, Peter  |e author  |9 454126 
700 0 |a Gray, Ron  |e author  |9 454127 
700 0 |a Walden, Tom  |e author  |9 454128 
700 0 |a Fuller, Arthur  |e author  |9 454129 
245 1 0 |a Usando CA visual objects 
300 |a 769 p 
942 |c BK 
945 |d 20010119 00:00:00  |a vberengu 
260 |a Río de Janeiro  |b Campus  |c 1995 
500 |a Incluye disquete 
650 0 |a Lenguajes de programación   |9 259458 
650 0 |a Programación de computadores   |9 259531 
650 0 |a Programación orientada al objeto  |9 387863 
583 |a last modification  |c 20010119 00:00:00  |k Rodrigo Vera 
999 |c 293438  |d 293436 
952 |0 0  |1 0  |4 0  |6 005_265000000000000_CAU_1995  |7 0  |8 A  |9 344973  |a BIBING  |b BIBING  |d 2019-11-20  |i 3686418  |o 005.265 CAU 1995  |p 3686418  |r 2025-01-20  |w 2019-11-20  |y BK  |k EII